000 00767nam a2200217Ia 4500
001 15686
003 GE_BSU
008 181216s||||||||xx |||||||||||||| ||und||
040 _cGE_BSU
080 _a821.353.1-4
100 _aჩხაიძე, ავთანდილ
245 _aმაცნე მოვიდა შატილსა
245 _cრედ.მ.ჯაფარიძე. მხატვ.ა.თოდრია
260 _aთბილისი
260 _bმერანი
260 _c1983
300 _a88გვ. ; 16სმ
653 _aკომუნისტური მშენებლობა საქართველოში;
653 _aმაცნე მოვიდა შატილსა
942 _cBK
999 _c48784
_d48784